Ragtime piano novelties of the 20's.

Bibliographic Details
Corporate Author: Smithsonian/Folkways Recordings
Other Authors: Jasen, David A.
Format: CD Audio
Language:No linguistic content
Published: [Washington, D.C.] : Smithsonian Folkways, [200-?]
Series:Custom compact disc series.
Subjects:

MARC

Tag First Indicator Second Indicator Subfields
LEADER 00000cjm a2200000 a 4500
001 in00002234603
005 20240529181825.0
007 sd fungnn|||eu
008 150326r200u1980dcurgnn f n zxx d
019 |a 50741731 
028 0 3 |a RBF 42  |b Smithsonian Folkways 
028 0 0 |a F-RBF 42  |b Smithsonian Folkways 
028 0 0 |a RBF 42  |b Folkways 
028 0 0 |a RF 42  |b Folkways 
035 |a (OCoLC)ocn905670619 
035 |a (OCoLC)905670619  |z (OCoLC)50741731 
040 |a CLO  |b eng  |c CLO  |d OCLCQ  |d CNCGM  |d OCLCO  |d OCLCQ  |d OCLCL  |d OCLCQ 
041 0 |g eng 
050 4 |a Compact Disc M1627 .S658 FRBF42 
055 3 |a M 21  |b R128 2003 
082 0 4 |a 786.46  |q OCoLC 
245 0 0 |a Ragtime piano novelties of the 20's. 
246 1 |i Title on insert:  |a Ragtime piano novelties of the twenties 
264 1 |a [Washington, D.C.] :  |b Smithsonian Folkways,  |c [200-?] 
264 4 |c ℗1980 
300 |a 1 audio disc (45:25) :  |b digital ;  |c 4 3/4 in. 
336 |a performed music  |b prm  |2 rdacontent 
337 |a audio  |b s  |2 rdamedia 
338 |a audio disc  |b sd  |2 rdacarrier 
490 1 |a Custom compact disc series 
500 |a Program notes (3 pages ; 8¹/₂x 11 in.) in container. 
500 |a Smithsonian Folkways: RBF 42; F-RBF42 on container. 
500 |a Compiled and annotated by David A. Jasen. 
511 0 |a Various performers. 
500 |a Originally issued as analog disc on Folkways Records: RBF 42, 1980. 
505 0 |a Slipova (Patricia Rossborough) (2:47) -- The cat's pajamas (Harry Jentes) (2:30) -- Monkey business (Sid Reinherz) (2:54) -- Pianoflage (Henry Lange) (2:51) -- Ragman's exercise (Stanley C. Holt) (3:05) -- Nickel in the slot (Frank Herbin) (3:14) -- Hot piano (2:56) -- Nola (Harry Perella & Ray Turner) (2:16) -- Doll dance (Pauline Alpert) (2:42) -- Rag doll (Billy Mayerl) (2:33) -- Dizzy keys ([unnamed performer]) (2:20) -- Out of the South (Willard Robison) (2:54) -- Scale it down ([unnamed performer]) (3:41) -- Dusting the keys (Cecil Norman) (2:55) -- Polly (Al Siegel) (3:01)-- Dancing dolls (Jack Wilson) (2:46). 
650 0 |a Piano music (Ragtime) 
650 0 |a Ragtime music. 
650 6 |a Piano, Musique de (Ragtime) 
650 7 |a Piano music (Ragtime)  |2 fast  |0 (OCoLC)fst01063449 
650 7 |a Ragtime music.  |2 fast  |0 (OCoLC)fst01088526 
700 1 |a Jasen, David A. 
710 2 |a Smithsonian/Folkways Recordings. 
758 |i has work:  |a Ragtime piano novelties of the 20's (Music)  |1 https://id.oclc.org/worldcat/entity/E39PCGtkqYjMMgkmCj6Kv3GT73  |4 https://id.oclc.org/worldcat/ontology/hasWork 
830 0 |a Custom compact disc series. 
948 |h HELD BY TXA - 3 OTHER HOLDINGS 
994 |a Z0  |b TXA 
999 f f |s 2c0fee4e-9d97-3810-ba14-48a767de0388  |i f9018001-9bd3-3112-b65f-b8192cc09702  |t 0 
952 f f |p ric  |a Texas A&M University  |b Rellis Campus  |c Joint Library Facility  |s JLF  |d Remote Storage  |t 0  |e M20 .R34 2000z  |h Library of Congress classification  |i audio -- audio disc  |m A14835848731 
998 f f |a M20 .R34 2000z  |t 0  |l Remote Storage